O jazyce rozhlasového vysílání

Bibliographic Details
Main Author: Bozděch, Vladimír, 1928-1991 (Author)
Format: Book
Language:Czech
PhysicalDescription:204 s. 29 cm
Published: Praha Státní pedagogické nakladatelství 1972
Edition:1. vyd.
Subjects:

MARC

LEADER 00000cam a2200000 a 4500
001 vtls008600946
003 SK-MaSNL
005 20260301075905.0
008 240314e1972 xr e n 00 0 cze
035 |a SAVUKc194530 
040 |a SNK  |b slo  |c SNK  |e AACR2 
041 0 |a cze 
044 |a xr  |c CZ 
080 |a 811.162.3(075.8)  |2 2001  |2 2001 
080 |a 654.195.6(075.8)  |2 2001 
100 1 |a Bozděch, Vladimír,  |d 1928-1991  |4 aut  |9 99216 
245 1 0 |a O jazyce rozhlasového vysílání  |c Vladimír Bozděch 
250 |a 1. vyd. 
260 |a Praha  |b Státní pedagogické nakladatelství  |c 1972 
300 |a 204 s.  |c 29 cm 
504 |a Literatúra s. 195-199; slovník pojmov 
650 0 7 |a rozhlas  |2 SNKPH  |9 18755 
650 0 7 |a čeština  |2 SNKPH  |9 1319 
650 0 7 |a rozhlasové vysielanie  |2 SNKPH  |9 19400 
852 |a Štátna vedecká knižnica v Banskej Bystrici 
958 |a OND 
999 |c 651562  |d 653492 
952 |a SNK  |b SNK  |y PREZ  |7 0  |p 17A0804038  |o snkSB 18956  |i snkKIP 1032/73  |0 0  |1 0  |4 0  |d 2015-06-10  |l 0  |r 2025-03-18 00:00:00  |w 2026-02-23 
952 |a SNK  |b SNK  |y VYP  |7 0  |p 17A1317271  |o snkSB 18956 D1  |i snkKIP 1033/73  |0 0  |1 0  |4 0  |d 2015-06-10  |l 0  |r 2026-02-23 18:24:13  |w 2026-02-23